[Event "11. Open Club Ajedrez Villaverde"]
[Site "Madrid ESP"]
[Date "2009.06.29"]
[Round "1.2"]
[White "Ramirez Garcia, Jorge Alberto"]
[Black "Camarero Izquierdo, Juan Carlos"]
[Result "0-1"]
[WhiteElo "2224"]
[BlackElo "1906"]
[PlyCount "72"]
[EventDate "2009.06.29"]
[EventType "swiss"]
[EventRounds "8"]
[EventCountry "ESP"]
[Source "lmi"]
[SourceDate "2009.06.29"]

1. e4 c5 2. Nf3 d6 3. d4 cxd4 4. Nxd4 Nf6 5. Nc3 a6 6. Be3 e6 7. f3 b5 8. Qd2
Bb7 9. O-O-O Nc6 10. g4 Rc8 11. g5 Nd7 12. Re1 Nb4 13. a3 Nc6 14. Bh3 b4 15.
Nd5 Nxd4 16. Bxd4 bxa3 17. bxa3 Bxd5 18. exd5 e5 19. f4 Be7 20. fxe5 O-O 21.
exd6 Bxd6 22. Bb2 Rc4 23. Rhf1 Nb6 24. Bf5 Qc7 25. Qd3 g6 26. Be4 Rb8 27. Rf3
Na4 28. Bf6 Bf4+ 29. Kd1 Bxg5 30. d6 Qc5 31. Qd5 Rb1+ 32. Ke2 Rxc2+ 33. Bxc2
Rxe1+ 34. Kxe1 Qxd5 35. Bxg5 Qxf3 36. Bxa4 Qe4+ 0-1

[Event "11. Open Club Ajedrez Villaverde"]
[Site "Madrid ESP"]
[Date "2009.06.29"]
[Round "1.3"]
[White "Avendaño Mateos, Jose"]
[Black "Pastor Alonso De Prado, Alberto E"]
[Result "1/2-1/2"]
[WhiteElo "1889"]
[BlackElo "2145"]
[PlyCount "87"]
[EventDate "2009.06.29"]
[EventType "swiss"]
[EventRounds "8"]
[EventCountry "ESP"]
[Source "lmi"]
[SourceDate "2009.06.29"]

1. c4 c6 2. d4 d5 3. Nc3 Nf6 4. Bf4 Qb6 5. Qd2 Bf5 6. c5 Qb4 7. a3 Qb3 8. e3
Nbd7 9. Nf3 b6 10. cxb6 axb6 11. Be2 Ne4 12. Nxe4 Bxe4 13. O-O Bxf3 14. gxf3 e6
15. Rac1 c5 16. Rc3 Qa4 17. Rfc1 Be7 18. Bd1 Qa7 19. Kh1 O-O 20. Be2 c4 21. Rg1
b5 22. Rcc1 Bf6 23. Bd6 Rfe8 24. f4 Qb6 25. Bb4 Be7 26. Bc3 f5 27. Rg2 Nf6 28.
Rcg1 Bf8 29. f3 g6 30. Bd1 b4 31. axb4 Reb8 32. Qf2 Kf7 33. Bc2 Bxb4 34. Qh4
Qd8 35. e4 Bxc3 36. bxc3 Nh5 37. Rg5 Rb2 38. Bb1 Rab8 39. Rxh5 Qxh4 40. Rxh4
Rxb1 41. Rxh7+ Kf8 42. Rh8+ Kg7 43. Rxb8 Rxb8 44. Re1 1/2-1/2

[Event "11. Open Club Ajedrez Villaverde"]
[Site "Madrid ESP"]
[Date "2009.06.29"]
[Round "1.5"]
[White "Martin Duque, Jesus"]
[Black "Hinojar Diez, David"]
[Result "1-0"]
[WhiteElo "1865"]
[BlackElo "2119"]
[PlyCount "55"]
[EventDate "2009.06.29"]
[EventType "swiss"]
[EventRounds "8"]
[EventCountry "ESP"]
[Source "lmi"]
[SourceDate "2009.06.29"]

1. e4 c5 2. Nf3 d6 3. d4 cxd4 4. Nxd4 Nf6 5. Nc3 e6 6. g4 h6 7. h4 Be7 8. Rg1
Nc6 9. g5 hxg5 10. hxg5 Nh5 11. Be3 Bd7 12. g6 fxg6 13. Rxg6 Bf6 14. Qd2 Ne5
15. Rg1 a6 16. O-O-O Qe7 17. f4 Nc6 18. Nb3 Bxc3 19. Qxc3 Nf6 20. Bg2 Rc8 21.
Qd2 Ng4 22. Bb6 e5 23. f5 Rh2 24. Rh1 Nb4 25. Qxb4 Rxg2 26. Rh8+ Kf7 27. Rxc8
Bxc8 28. Qc4+ 1-0

[Event "11. Open Club Ajedrez Villaverde"]
[Site "Madrid ESP"]
[Date "2009.06.29"]
[Round "1.7"]
[White "Tevar Sanz, Gonzalo"]
[Black "Lopez De Turiso, Jose Angel"]
[Result "1/2-1/2"]
[WhiteElo "1845"]
[BlackElo "2093"]
[PlyCount "137"]
[EventDate "2009.06.29"]
[EventType "swiss"]
[EventRounds "8"]
[EventCountry "ESP"]
[Source "lmi"]
[SourceDate "2009.06.29"]

1. d4 Nf6 2. Nf3 g6 3. Bf4 Bg7 4. e3 d6 5. h3 c5 6. c4 O-O 7. Be2 Nh5 8. Bh2 f5
9. Nc3 Nc6 10. O-O f4 11. Ng5 fxe3 12. Bxh5 exf2+ 13. Kh1 gxh5 14. Qxh5 h6 15.
Nf3 Rf5 16. Qh4 Qf8 17. Rxf2 Nxd4 18. Raf1 Qf6 19. Nd5 Qxh4 20. Nxh4 Rxf2 21.
Rxf2 e5 22. Nc7 Rb8 23. Ne8 Be6 24. Nxd6 b5 25. Ng6 bxc4 26. Bxe5 Kh7 27. Bxg7
Kxg7 28. Ne5 Rb4 29. Ne8+ Kh7 30. Nf6+ Kh8 31. Ne4 Rb5 32. Rf8+ Kg7 33. Ra8 Ra5
34. Rb8 Bd5 35. Nc3 Be6 36. Rb7+ Kf6 37. Nd7+ Bxd7 38. Rxd7 Ne6 39. Kh2 Ra6 40.
a3 Ke5 41. Rd5+ Kf4 42. Rh5 Ng5 43. g3+ Kf5 44. g4+ Kf4 45. Nd5+ Ke4 46. Nc3+
Kf3 47. Nd5 Rd6 48. Nc3 Rd2+ 49. Kg1 Rxb2 50. Rxh6 Rc2 51. Rh5 Kg3 52. Kf1 Nxh3
53. Ne4+ Kxg4 54. Rxc5 Kf3 55. Rxc4 Rxc4 56. Nd2+ Ke3 57. Nxc4+ Kd4 58. Na5 Kc3
59. Ke1 Nf4 60. a4 Nd3+ 61. Kf1 Ne5 62. Nb7 Kb4 63. a5 Nf7 64. Ke1 Kb5 65. Kd2
Ka6 66. Nc5+ Kxa5 67. Kc3 Kb5 68. Nb3 Nd6 69. Nd4+ 1/2-1/2

[Event "11. Open Club Ajedrez Villaverde"]
[Site "Madrid ESP"]
[Date "2009.06.29"]
[Round "1.8"]
[White "Nieto De La Cruz, Julio"]
[Black "Garcia Martinez, Jose Luis"]
[Result "1-0"]
[WhiteElo "2070"]
[BlackElo "1839"]
[PlyCount "91"]
[EventDate "2009.06.29"]
[EventType "swiss"]
[EventRounds "8"]
[EventCountry "ESP"]
[Source "lmi"]
[SourceDate "2009.06.29"]

1. d4 d5 2. c4 e6 3. Nc3 Nf6 4. cxd5 exd5 5. Bg5 Be7 6. e3 Bf5 7. Qb3 Nbd7 8.
Bxf6 Nxf6 9. Qxb7 O-O 10. Bb5 Qd6 11. Qa6 Qxa6 12. Bxa6 Rab8 13. O-O-O Rb6 14.
Bd3 Bxd3 15. Rxd3 Rfb8 16. Na4 Ra6 17. Nc3 Rab6 18. Nd1 Ne4 19. Nh3 a5 20. Re1
a4 21. f3 Nf6 22. Re2 c5 23. dxc5 Bxc5 24. Rc2 Bd6 25. g4 a3 26. b3 h6 27. Nc3
Rc6 28. Nxd5 Rxc2+ 29. Kxc2 Nxd5 30. Rxd5 Bxh2 31. f4 Ra8 32. b4 Bg3 33. Rd1
Bh4 34. g5 Re8 35. Kd3 Rd8+ 36. Kc2 Rc8+ 37. Kb3 Re8 38. Rd3 hxg5 39. Nxg5 f6
40. Nf3 Bf2 41. Kxa3 Bxe3 42. f5 Re7 43. Kb3 Kf7 44. a4 g5 45. fxg6+ Kxg6 46.
a5 1-0

[Event "11. Open Club Ajedrez Villaverde"]
[Site "Madrid ESP"]
[Date "2009.06.29"]
[Round "1.9"]
[White "Nieto Esteban, Manuel"]
[Black "Paarup, Torsten"]
[Result "0-1"]
[WhiteElo "1825"]
[BlackElo "2063"]
[PlyCount "77"]
[EventDate "2009.06.29"]
[EventType "swiss"]
[EventRounds "8"]
[EventCountry "ESP"]
[Source "lmi"]
[SourceDate "2009.06.29"]

1. d4 f5 2. Nf3 Nf6 3. c4 e6 4. Bg5 Be7 5. e3 d6 6. Nc3 O-O 7. Bd3 Nc6 8. a3 e5
9. dxe5 dxe5 10. e4 f4 11. b4 Bg4 12. Bxf6 Bxf6 13. Ne2 Qe7 14. Qb3 Qf7 15. h3
Bxf3 16. gxf3 Rad8 17. O-O-O a5 18. b5 a4 19. Qc3 Na5 20. c5 Qa2 21. Qb2 Nb3+
22. Kc2 Qxb2+ 23. Kxb2 Nxc5 24. Bc4+ Kh8 25. Nc1 Bh4 26. Nd3 Nxd3+ 27. Rxd3
Rxd3 28. Bxd3 Bxf2 29. Rd1 c5 30. Bc4 Bd4+ 31. Kc2 b6 32. Rd2 Rd8 33. Bd5 Rd6
34. Bb7 Rg6 35. Bc8 Rg1 36. Rd1 Rxd1 37. Kxd1 Bb2 38. Be6 Bxa3 39. Kc2 0-1

[Event "11. Open Club Ajedrez Villaverde"]
[Site "Madrid ESP"]
[Date "2009.06.29"]
[Round "1.10"]
[White "Gomez Gonzalez, Javier"]
[Black "Corral Aragon, Juan Maria"]
[Result "1-0"]
[WhiteElo "2055"]
[BlackElo "1821"]
[PlyCount "81"]
[EventDate "2009.06.29"]
[EventType "swiss"]
[EventRounds "8"]
[EventCountry "ESP"]
[Source "lmi"]
[SourceDate "2009.06.29"]

1. e4 c6 2. d4 d5 3. Nc3 dxe4 4. Nxe4 Bf5 5. Ng3 Bg6 6. Nf3 Nd7 7. Bf4 Qa5+ 8.
c3 O-O-O 9. b4 Qa3 10. Qb3 Qxb3 11. axb3 e5 12. dxe5 Nb6 13. Rxa7 Nd5 14. Ra8+
Kd7 15. e6+ fxe6 16. Ne5+ Ke7 17. Ra7 Nxf4 18. Nxc6+ Kd7 19. Nxd8 Kxd8 20. Rxb7
Nf6 21. Ba6 Nxg2+ 22. Kd1 Bd6 23. Kc1 Bf4+ 24. Kb2 Nd7 25. Rd1 Ke7 26. Rbxd7+
Kf6 27. Rd8 Rxd8 28. Rxd8 h5 29. b5 h4 30. Nf1 Ne1 31. b6 Ke7 32. Rh8 Nd3+ 33.
Bxd3 Bxd3 34. Ne3 Ba6 35. Rxh4 g5 36. Rh7+ Kd6 37. Ra7 Bd3 38. Rc7 Bxh2 39.
Nc4+ Kd5 40. Rd7+ Ke4 41. Nd2+ 1-0

[Event "11. Open Club Ajedrez Villaverde"]
[Site "Madrid ESP"]
[Date "2009.06.29"]
[Round "1.11"]
[White "Garcia-Ines Sanchez, Gustavo"]
[Black "Vazquez Gonzalez, Jesus"]
[Result "0-1"]
[WhiteElo "1791"]
[BlackElo "2047"]
[PlyCount "54"]
[EventDate "2009.06.29"]
[EventType "swiss"]
[EventRounds "8"]
[EventCountry "ESP"]
[Source "lmi"]
[SourceDate "2009.06.29"]

1. e4 g6 2. d4 c5 3. Nf3 Bg7 4. c3 cxd4 5. cxd4 d5 6. Nc3 dxe4 7. Nxe4 Bg4 8.
d5 Qa5+ 9. Qd2 Qxd2+ 10. Bxd2 Bxf3 11. gxf3 Nd7 12. Bb5 Ngf6 13. Nxf6+ Bxf6 14.
Bc3 Bxc3+ 15. bxc3 a6 16. Bxd7+ Kxd7 17. O-O Rhc8 18. Rab1 b5 19. Rb3 Rc5 20.
Rd1 Kd6 21. a4 bxa4 22. Rb6+ Kc7 23. Rdb1 Rb5 24. R6xb5 axb5 25. Rxb5 a3 26.
Rb1 a2 27. Ra1 Kd6 0-1

[Event "11. Open Club Ajedrez Villaverde"]
[Site "Madrid ESP"]
[Date "2009.06.29"]
[Round "1.12"]
[White "Sotoca Aguado, Jose"]
[Black "Martinez Miura, Enrique"]
[Result "1/2-1/2"]
[WhiteElo "2038"]
[BlackElo "1735"]
[PlyCount "59"]
[EventDate "2009.06.29"]
[EventType "swiss"]
[EventRounds "8"]
[EventCountry "ESP"]
[Source "lmi"]
[SourceDate "2009.06.29"]

1. e4 e6 2. d4 d5 3. Nc3 Nf6 4. e5 Nfd7 5. f4 c5 6. Nf3 cxd4 7. Nxd4 Nc6 8. Be3
Nxd4 9. Bxd4 a6 10. Bd3 Bc5 11. Bxc5 Nxc5 12. O-O Nxd3 13. Qxd3 g6 14. Ne2 Bd7
15. c3 Bb5 16. Qe3 Bxe2 17. Qxe2 Qb6+ 18. Qf2 Qxf2+ 19. Kxf2 Rc8 20. Ke3 h5 21.
Rad1 Ke7 22. Rd4 Rc7 23. Rfd1 Rhc8 24. h3 Rc5 25. Rb4 b5 26. a4 a5 27. Rbd4 Rb8
28. R1d2 bxa4 29. Rxa4 Rcb5 30. g3 1/2-1/2

[Event "11. Open Club Ajedrez Villaverde"]
[Site "Madrid ESP"]
[Date "2009.06.29"]
[Round "1.13"]
[White "Cortijo Manso, Luis"]
[Black "Cruz Monzon, Jose"]
[Result "1/2-1/2"]
[WhiteElo "1696"]
[BlackElo "2034"]
[PlyCount "59"]
[EventDate "2009.06.29"]
[EventType "swiss"]
[EventRounds "8"]
[EventCountry "ESP"]
[Source "lmi"]
[SourceDate "2009.06.29"]

1. e4 c5 2. Nf3 Nc6 3. d4 cxd4 4. Nxd4 Nf6 5. Nc3 d6 6. f3 e5 7. Nb3 Be7 8. Be3
O-O 9. Bc4 Be6 10. Nd5 Bxd5 11. exd5 Na5 12. Nxa5 Qxa5+ 13. c3 Rac8 14. Qb3 e4
15. O-O Qc7 16. Be2 a6 17. Rad1 b5 18. a4 exf3 19. Rxf3 Nd7 20. axb5 axb5 21.
Qxb5 Rb8 22. Qc6 Qxc6 23. dxc6 Ne5 24. Rff1 Rxb2 25. Rfe1 Nxc6 26. Bf1 Ne5 27.
c4 Bh4 28. Bd4 Bxe1 29. Bxb2 Bb4 30. Rd5 1/2-1/2

[Event "11. Open Club Ajedrez Villaverde"]
[Site "Madrid ESP"]
[Date "2009.06.29"]
[Round "1.14"]
[White "Sanchez Alvarez, Jorge"]
[Black "Zuazua Conde, Ivan Javier"]
[Result "1-0"]
[WhiteElo "2005"]
[BlackElo "1421"]
[PlyCount "83"]
[EventDate "2009.06.29"]
[EventType "swiss"]
[EventRounds "8"]
[EventCountry "ESP"]
[Source "lmi"]
[SourceDate "2009.06.29"]

1. c4 e6 2. g3 d5 3. Bg2 Nf6 4. Nf3 Be7 5. b3 b6 6. Bb2 Bb7 7. O-O O-O 8. Qc2
Nbd7 9. d3 c5 10. d4 Rc8 11. Nbd2 cxd4 12. Nxd4 a6 13. Rac1 b5 14. Rfd1 Qb6 15.
Qb1 Bc5 16. e3 dxc4 17. bxc4 Bxg2 18. Kxg2 Qb7+ 19. Kg1 bxc4 20. Nxc4 Qe4 21.
Qxe4 Nxe4 22. Nxe6 fxe6 23. Rxd7 Rxf2 24. Rxg7+ Kf8 25. Rxh7 Re8 26. Rf1 Rxf1+
27. Kxf1 Re7 28. Rxe7 Kxe7 29. Ke2 Bd6 30. Kf3 Ng5+ 31. Kg4 Ne4 32. Nxd6 Kxd6
33. h4 Ke7 34. h5 Kf7 35. Kf4 Nf2 36. Kf3 Nh3 37. g4 Ng5+ 38. Kf4 Nh3+ 39. Kg3
Ng5 40. Bd4 Ne4+ 41. Kf4 Nd6 42. g5 1-0

[Event "11. Open Club Ajedrez Villaverde"]
[Site "Madrid ESP"]
[Date "2009.06.30"]
[Round "2.1"]
[White "Ramos Aldoradin, John Paul"]
[Black "Caballero Gallego, Luis"]
[Result "1/2-1/2"]
[WhiteElo "2121"]
[BlackElo "1923"]
[PlyCount "89"]
[EventDate "2009.06.29"]
[EventType "swiss"]
[EventRounds "8"]
[EventCountry "ESP"]
[Source "lmi"]
[SourceDate "2009.06.29"]

1. e4 c5 2. Nf3 d6 3. Bb5+ Bd7 4. Bxd7+ Qxd7 5. c4 g6 6. O-O Bg7 7. d4 cxd4 8.
Nxd4 Nc6 9. Be3 Nf6 10. f3 O-O 11. Nc3 a6 12. a4 Qc7 13. Nde2 Rfd8 14. Qb3 Ne5
15. Bb6 Qxc4 16. Qxc4 Nxc4 17. Bxd8 Rxd8 18. b4 Nd7 19. f4 Ne3 20. Rfc1 Nb6 21.
Ra2 d5 22. exd5 Nbxd5 23. Rd2 e6 24. Nxd5 Nxd5 25. g3 Bf8 26. b5 Nxf4 27. Rxd8
Nxe2+ 28. Kf1 Nxc1 29. bxa6 bxa6 30. Ra8 Nb3 31. Rxa6 Kg7 32. Rb6 Nd2+ 33. Ke2
Nc4 34. Rb5 f5 35. a5 Nxa5 36. Rxa5 Bb4 37. Ra7+ Kh6 38. Rb7 Bc3 39. Kd3 Bg7
40. Re7 e5 41. Ke3 e4 42. h3 Bb2 43. h4 Bc3 44. Kf2 Bd4+ 45. Kg2 1/2-1/2

[Event "11. Open Club Ajedrez Villaverde"]
[Site "Madrid ESP"]
[Date "2009.06.30"]
[Round "2.2"]
[White "Ruiz Quevedo, Andres"]
[Black "Suarez Uriel, Adrian"]
[Result "0-1"]
[WhiteElo "1907"]
[BlackElo "2113"]
[PlyCount "58"]
[EventDate "2009.06.29"]
[EventType "swiss"]
[EventRounds "8"]
[EventCountry "ESP"]
[Source "lmi"]
[SourceDate "2009.06.29"]

1. g3 e5 2. c4 Nf6 3. Bg2 h6 4. Nc3 Bb4 5. Nf3 Bxc3 6. bxc3 d6 7. O-O O-O 8.
Qc2 e4 9. Nd4 c5 10. Nb3 Bf5 11. f3 exf3 12. Qxf5 fxg2 13. Kxg2 Qe7 14. Rf2
Nbd7 15. d3 g6 16. Qf4 h5 17. Qh4 Qe6 18. h3 d5 19. Bh6 Rfe8 20. Raf1 dxc4 21.
Rxf6 Nxf6 22. Rxf6 Qxe2+ 23. Rf2 Qe5 24. Qxc4 Qc7 25. Nd2 Re6 26. Ne4 Qc6 27.
Bg5 Rc8 28. Kh2 b5 29. Nf6+ Rxf6 0-1

[Event "11. Open Club Ajedrez Villaverde"]
[Site "Madrid ESP"]
[Date "2009.06.30"]
[Round "2.3"]
[White "Serrano Pozo, Fermin"]
[Black "Nieto De La Cruz, Julio"]
[Result "0-1"]
[WhiteElo "1940"]
[BlackElo "2070"]
[PlyCount "84"]
[EventDate "2009.06.29"]
[EventType "swiss"]
[EventRounds "8"]
[EventCountry "ESP"]
[Source "lmi"]
[SourceDate "2009.06.29"]

1. Nf3 c5 2. c4 Nc6 3. g3 g6 4. Bg2 Bg7 5. O-O e5 6. Nc3 Nge7 7. a3 O-O 8. Rb1
d6 9. d3 f5 10. Bg5 h6 11. Bxe7 Nxe7 12. Ne1 Rb8 13. Nc2 Be6 14. e4 f4 15. b4
Qd7 16. Re1 h5 17. Rb2 h4 18. bxc5 dxc5 19. Nd5 Nxd5 20. cxd5 Bh3 21. Bh1 Rf6
22. gxf4 Rxf4 23. Ne3 Rbf8 24. Bg2 Bh6 25. a4 b6 26. Ra2 Bg5 27. Qb3 Bxg2 28.
Kxg2 h3+ 29. Kg1 Qf7 30. Qb2 Rf3 31. Nf1 Bh4 32. Ng3 Qf4 33. Qe2 Qf6 34. a5 b5
35. Rf1 a6 36. Kh1 Qf4 37. Rc2 Qg4 38. Rg1 Qf4 39. Rf1 Bd8 40. Rg1 Bxa5 41.
Rxc5 Bb6 42. Rc2 Rxg3 0-1

[Event "11. Open Club Ajedrez Villaverde"]
[Site "Madrid ESP"]
[Date "2009.06.30"]
[Round "2.4"]
[White "Paarup, Torsten"]
[Black "Martin Duque, Jesus"]
[Result "1/2-1/2"]
[WhiteElo "2063"]
[BlackElo "1865"]
[PlyCount "51"]
[EventDate "2009.06.29"]
[EventType "swiss"]
[EventRounds "8"]
[EventCountry "ESP"]
[Source "lmi"]
[SourceDate "2009.06.29"]

1. d4 d5 2. c4 e6 3. Nf3 Nf6 4. g3 Be7 5. Bg2 O-O 6. O-O dxc4 7. Ne5 Nc6 8.
Nxc6 bxc6 9. Bxc6 Rb8 10. Bf3 c5 11. dxc5 Qa5 12. Nc3 Bxc5 13. Qc2 Bd4 14. Bd2
Qb6 15. Rab1 Ba6 16. b3 cxb3 17. Rxb3 Qc5 18. Qb1 Rxb3 19. Qxb3 Qd6 20. Rd1 Rb8
21. Qa4 Rb4 22. Qc6 Qxc6 23. Bxc6 Rc4 24. Bb5 Bxb5 25. Nxb5 h6 26. Rc1 1/2-1/2

[Event "11. Open Club Ajedrez Villaverde"]
[Site "Madrid ESP"]
[Date "2009.06.30"]
[Round "2.5"]
[White "Ramos Del Campo, Alexander"]
[Black "Gomez Gonzalez, Javier"]
[Result "0-1"]
[WhiteElo "1918"]
[BlackElo "2055"]
[PlyCount "118"]
[EventDate "2009.06.29"]
[EventType "swiss"]
[EventRounds "8"]
[EventCountry "ESP"]
[Source "lmi"]
[SourceDate "2009.06.29"]

1. e4 c5 2. Nf3 d6 3. d4 cxd4 4. Nxd4 Nf6 5. Nc3 a6 6. Bg5 e6 7. f4 Nbd7 8. Qf3
Qc7 9. O-O-O Be7 10. Kb1 b5 11. Bd3 Bb7 12. g4 b4 13. Nce2 Nc5 14. Bxf6 gxf6
15. Nb3 O-O-O 16. Ng3 Kb8 17. Nxc5 dxc5 18. Qe2 Ka7 19. Nh5 Rd4 20. c3 bxc3 21.
bxc3 Ra4 22. Bc2 Ra3 23. c4 Rb8 24. Bb3 Bc6 25. Rd3 Ra4 26. Ka1 Rab4 27. Rhd1
a5 28. e5 fxe5 29. Qxe5 Qb7 30. f5 a4 31. f6 axb3 32. fxe7 Qxe7 33. axb3 Rxb3
34. Rxb3 Rxb3 35. Rd6 Kb6 36. Ka2 Rb4 37. Rd3 Qa7+ 38. Ra3 Ra4 39. Qb2+ Kc7 40.
Qe5+ Kd7 41. Nf6+ Ke7 42. Rxa4 Qxa4+ 43. Kb2 Qb4+ 44. Ka1 Qa3+ 45. Kb1 Qd3+ 46.
Kb2 Qxc4 47. g5 Qd4+ 48. Qxd4 cxd4 49. Nxh7 e5 50. h4 e4 51. Nf6 e3 52. Kc2
Ba4+ 53. Kc1 Ke6 54. Ne4 Kf5 55. Nc5 Bc6 56. Nb3 Ke5 57. Nc5 Bf3 58. Nd3+ Kf5
59. Kb1 Be4 0-1

[Event "11. Open Club Ajedrez Villaverde"]
[Site "Madrid ESP"]
[Date "2009.06.30"]
[Round "2.7"]
[White "Camarero Izquierdo, Juan Carlos"]
[Black "Sanchez Alvarez, Jorge"]
[Result "0-1"]
[WhiteElo "1906"]
[BlackElo "2005"]
[PlyCount "65"]
[EventDate "2009.06.29"]
[EventType "swiss"]
[EventRounds "8"]
[EventCountry "ESP"]
[Source "lmi"]
[SourceDate "2009.06.29"]

1. e4 e5 2. Bc4 Nc6 3. Nc3 Bc5 4. d3 d6 5. Nd5 Be6 6. Nf3 h6 7. Be3 Bb6 8. Qd2
Nf6 9. O-O-O Bxe3 10. Nxe3 Bxc4 11. Nxc4 b5 12. Ne3 Ne7 13. h4 Qd7 14. h5 O-O
15. Nh4 d5 16. f3 c5 17. Nhf5 d4 18. Nxe7+ Qxe7 19. Nf5 Qe6 20. Kb1 Nh7 21. g3
Rac8 22. Rh4 Kh8 23. f4 Rc6 24. g4 Ra6 25. b3 exf4 26. Qxf4 Ng5 27. Rh2 Rb6 28.
Nh4 Qf6 29. Qd2 Nf3 30. Nxf3 Qxf3 31. g5 hxg5 32. Qxg5 Qxd1+ 33. Kb2 0-1

[Event "11. Open Club Ajedrez Villaverde"]
[Site "Madrid ESP"]
[Date "2009.06.30"]
[Round "2.9"]
[White "Pastor Alonso De Prado, Alberto E"]
[Black "Tevar Sanz, Gonzalo"]
[Result "1-0"]
[WhiteElo "2145"]
[BlackElo "1845"]
[PlyCount "37"]
[EventDate "2009.06.29"]
[EventType "swiss"]
[EventRounds "8"]
[EventCountry "ESP"]
[Source "lmi"]
[SourceDate "2009.06.29"]

1. e4 e6 2. d4 d5 3. Nd2 Nf6 4. Bd3 c5 5. dxc5 Bxc5 6. Qe2 Nc6 7. Ngf3 Qc7 8.
O-O O-O 9. c3 Bd6 10. Re1 Ne5 11. Nxe5 Bxe5 12. g3 Kh8 13. exd5 Bd6 14. Ne4
Nxd5 15. c4 Nb4 16. Nxd6 Nxd3 17. Qxd3 Kg8 18. Nb5 Qc6 19. Qe4 1-0

[Event "11. Open Club Ajedrez Villaverde"]
[Site "Madrid ESP"]
[Date "2009.06.30"]
[Round "2.10"]
[White "Lopez De Turiso, Jose Angel"]
[Black "Cortijo Manso, Luis"]
[Result "1-0"]
[WhiteElo "2093"]
[BlackElo "1696"]
[PlyCount "43"]
[EventDate "2009.06.29"]
[EventType "swiss"]
[EventRounds "8"]
[EventCountry "ESP"]
[Source "lmi"]
[SourceDate "2009.06.29"]

1. d4 Nf6 2. c4 c5 3. Nf3 b5 4. dxc5 bxc4 5. b4 cxb3 6. axb3 Nc6 7. Bf4 g6 8.
Nc3 a6 9. Nb5 d6 10. cxd6 exd6 11. Nxd6+ Bxd6 12. Qxd6 Qxd6 13. Bxd6 Ne4 14.
Ba3 Bb7 15. e3 a5 16. Bb5 f6 17. Rc1 Rc8 18. Nd4 Kd7 19. Ke2 Nd6 20. Bxd6 Kxd6
21. Nxc6 Bxc6 22. Rhd1+ 1-0

[Event "11. Open Club Ajedrez Villaverde"]
[Site "Madrid ESP"]
[Date "2009.06.30"]
[Round "2.11"]
[White "Rodriguez Perez, Angel Mariano"]
[Black "Sotoca Aguado, Jose"]
[Result "1-0"]
[WhiteElo "2027"]
[BlackElo "2038"]
[PlyCount "83"]
[EventDate "2009.06.29"]
[EventType "swiss"]
[EventRounds "8"]
[EventCountry "ESP"]
[Source "lmi"]
[SourceDate "2009.06.29"]

1. d3 d5 2. g3 e5 3. Bg2 g6 4. Nd2 Bg7 5. e4 c6 6. Ne2 Ne7 7. O-O O-O 8. Nb3 a5
9. a4 Nd7 10. Bg5 f6 11. Bd2 f5 12. exd5 Nxd5 13. Nc3 N7f6 14. Bg5 Qd6 15. Qd2
Nxc3 16. bxc3 Be6 17. c4 Qc7 18. Bh6 Rfd8 19. Bxg7 Kxg7 20. Rfe1 Bxc4 21. Nc5
Bf7 22. Qc3 Nd5 23. Qxe5+ Qxe5 24. Rxe5 b6 25. Ne6+ Bxe6 26. Rxe6 Rac8 27. Bxd5
cxd5 28. Ra2 Rb8 29. Rb2 Rdc8 30. Rd6 Rc5 31. Kf1 b5 32. Ke1 Re8+ 33. Kd2 bxa4
34. d4 a3 35. Ra2 Rc4 36. Rxd5 a4 37. Rxa3 Rec8 38. c3 Rb8 39. Kd3 Rc7 40. Re5
Rbc8 41. Ra5 Rb7 42. R5xa4 1-0

[Event "11. Open Club Ajedrez Villaverde"]
[Site "Madrid ESP"]
[Date "2009.06.30"]
[Round "2.12"]
[White "Cruz Monzon, Jose"]
[Black "Benito Mellado, Humberto"]
[Result "1-0"]
[WhiteElo "2034"]
[BlackElo "1652"]
[PlyCount "75"]
[EventDate "2009.06.29"]
[EventType "swiss"]
[EventRounds "8"]
[EventCountry "ESP"]
[Source "lmi"]
[SourceDate "2009.06.29"]

1. d4 d5 2. c4 Nf6 3. Nc3 c6 4. Nf3 e6 5. Bg5 h6 6. Bh4 dxc4 7. e4 g5 8. Bg3
Bb4 9. Be5 Nbd7 10. Bxc4 Nxe5 11. Nxe5 Nxe4 12. O-O Nxc3 13. bxc3 Ba5 14. Qh5
Qf6 15. f4 Bxc3 16. fxg5 Bxd4+ 17. Kh1 Qxe5 18. Qxf7+ Kd8 19. Rae1 Qd6 20. g6
Qe7 21. g7 Bxg7 22. Rd1+ Bd7 23. Bxe6 Qxf7 24. Rxf7 Ke8 25. Rdxd7 Bf8 26. Rxb7
Rd8 27. Bb3 Bc5 28. g3 Rf8 29. Rh7 Rf1+ 30. Kg2 Rf2+ 31. Kh3 Rf6 32. Bf7+ Rxf7
33. Rbxf7 Rd2 34. Rb7 Rd8 35. Rh8+ Bf8 36. Rxa7 Rc8 37. Rah7 c5 38. Rxf8+ 1-0

[Event "11. Open Club Ajedrez Villaverde"]
[Site "Madrid ESP"]
[Date "2009.06.30"]
[Round "2.13"]
[White "Martinez Miura, Enrique"]
[Black "Avendano Mateos, Jose"]
[Result "1-0"]
[WhiteElo "1735"]
[BlackElo "1889"]
[PlyCount "67"]
[EventDate "2009.06.29"]
[EventType "swiss"]
[EventRounds "8"]
[EventCountry "ESP"]
[Source "lmi"]
[SourceDate "2009.06.29"]

1. e4 c6 2. d4 d5 3. Nc3 dxe4 4. Nxe4 Nd7 5. Nf3 Ngf6 6. Nxf6+ Nxf6 7. h3 Bf5
8. Bd3 Bg6 9. Bxg6 hxg6 10. O-O e6 11. Re1 Bd6 12. Bg5 Qc7 13. Bxf6 gxf6 14. c4
O-O 15. Rc1 Rad8 16. Qb3 Rd7 17. d5 exd5 18. cxd5 Bf4 19. dxc6 bxc6 20. Rc4 Bh6
21. Qc2 Rc8 22. Nd4 c5 23. Nb3 Rd5 24. Nxc5 a5 25. b3 Qa7 26. Ne4 Rxc4 27. Qxc4
Rf5 28. Rd1 Qe7 29. f3 Re5 30. Qc8+ Bf8 31. Rd8 f5 32. Rxf8+ Qxf8 33. Nf6+ Kg7
34. Qxf8+ 1-0

[Event "11. Open Club Ajedrez Villaverde"]
[Site "Madrid ESP"]
[Date "2009.06.30"]
[Round "2.14"]
[White "Corral Aragon, Juan Maria"]
[Black "Ramirez Garcia, Jorge Alberto"]
[Result "0-1"]
[WhiteElo "1821"]
[BlackElo "2224"]
[PlyCount "68"]
[EventDate "2009.06.29"]
[EventType "swiss"]
[EventRounds "8"]
[EventCountry "ESP"]
[Source "lmi"]
[SourceDate "2009.06.29"]

1. e4 e6 2. Qe2 e5 3. g3 g6 4. Nf3 Bg7 5. Bg2 Ne7 6. O-O O-O 7. b3 d6 8. Nc3 h6
9. Ba3 Be6 10. Rad1 c5 11. Qb5 Nbc6 12. Nh4 a6 13. Qd3 Qa5 14. Nb1 b5 15. Qxd6
b4 16. Nxg6 Nxg6 17. Qxc6 bxa3 18. Nc3 Rac8 19. Qa4 Qxa4 20. Nxa4 c4 21. Nb6
Rc6 22. Nd5 cxb3 23. cxb3 Bxd5 24. exd5 Rc2 25. Rc1 Rxa2 26. Rfd1 Rd8 27. Ra1
Rxa1 28. Rxa1 Bf8 29. Be4 Bb4 30. Kf1 Ne7 31. d4 exd4 32. Ke2 Nxd5 33. Bxd5
Rxd5 34. Kd3 Ra5 0-1

[Event "11. Open Club Ajedrez Villaverde"]
[Site "Madrid ESP"]
[Date "2009.06.30"]
[Round "2.15"]
[White "Hinojar Diez, David"]
[Black "Garcia-Ines Sanchez, Gustavo"]
[Result "1-0"]
[WhiteElo "2119"]
[BlackElo "1791"]
[PlyCount "45"]
[EventDate "2009.06.29"]
[EventType "swiss"]
[EventRounds "8"]
[EventCountry "ESP"]
[Source "lmi"]
[SourceDate "2009.06.29"]

1. d4 Nf6 2. c4 g6 3. Nc3 Bg7 4. e4 d6 5. Be2 Nbd7 6. Nf3 O-O 7. O-O e5 8. h3
Nh5 9. Re1 Nf4 10. Bf1 Nf6 11. Bxf4 exf4 12. Qd2 Nh5 13. Rad1 c6 14. e5 d5 15.
b3 g5 16. Nh2 Bh6 17. Bd3 Kh8 18. Ng4 Bxg4 19. hxg4 Ng7 20. Bb1 Qd7 21. Qd3 f5
22. exf6 Ne8 23. Re7 1-0